Sub-contracting under the JCT 2005 forms (Record no. 111149)
[ view plain ]
| 000 -LEADER | |
|---|---|
| fixed length control field | 01406cad a22002655a 4500 |
| 001 - CONTROL NUMBER | |
| control field | L151096 |
| 008 - FIXED-LENGTH DATA ELEMENTS--GENERAL INFORMATION | |
| fixed length control field | 100929s2009 xxk f 000 0 eng d |
| 020 ## - INTERNATIONAL STANDARD BOOK NUMBER | |
| International Standard Book Number | 9781444301175 |
| 035 ## - SYSTEM CONTROL NUMBER | |
| System control number | (Sirsi) u151096 |
| 041 0# - LANGUAGE CODE | |
| Language code of text/sound track or separate title | eng |
| 050 04 - LIBRARY OF CONGRESS CALL NUMBER | |
| Classification number | 343.420 $2 18 |
| 100 1# - MAIN ENTRY--PERSONAL NAME | |
| Personal name | Barnes, Peter |
| 245 00 - TITLE STATEMENT | |
| Title | Sub-contracting under the JCT 2005 forms |
| Medium | [electronic resource] |
| 260 ## - PUBLICATION, DISTRIBUTION, ETC. | |
| Place of publication, distribution, etc. | Oxford |
| Name of publisher, distributor, etc. | Wiley-Blackwell |
| Date of publication, distribution, etc. | 2009 |
| 300 ## - PHYSICAL DESCRIPTION | |
| Extent | eBook |
| 520 ## - SUMMARY, ETC. | |
| Summary, etc. | This ebook is a companion to Peter Barnes' first book, "The JCT 05 Standard Building Sub-Contract", this book deals with all the other JCT 05 subcontracts including: design and build subcontract, Major Project Subcontract, Intermediate Subcontract, Intermediate Subcontract with subcontractor's design, Intermediate Named Subcontract, Short Form of Subcontract and the Sub-Subcontract. The book is organised around issues, such as payment, time, variations, and loss and/or expense, and, where appropriate it compares and contrasts the differing approaches of individual subcontracts. The book features a range of standard letters. |
| 590 ## - LOCAL NOTE (RLIN) | |
| Local note | ka ntk |
| 650 24 - SUBJECT ADDED ENTRY--TOPICAL TERM | |
| Topical term or geographic name entry element | JOINT CONTRACTS TRIBUNAL |
| 650 24 - SUBJECT ADDED ENTRY--TOPICAL TERM | |
| Topical term or geographic name entry element | EBOOK |
| 651 #4 - SUBJECT ADDED ENTRY--GEOGRAPHIC NAME | |
| Geographic name | ENGLAND AND WALES |
| 690 ## - LOCAL SUBJECT ADDED ENTRY--TOPICAL TERM (OCLC, RLIN) | |
| Topical term or geographic name as entry element | BUILT ENVIRONMENT-BUILDING CONTRACT FORMS |
| 700 1# - ADDED ENTRY--PERSONAL NAME | |
| Personal name | Davies, Matthew |
| 856 48 - ELECTRONIC LOCATION AND ACCESS | |
| Uniform Resource Identifier | <a href="https://www.vlebooks.com/">https://www.vlebooks.com/</a> |
| Public note | View on VLEbooks. Logins for members only from [email protected] |
| 942 ## - ADDED ENTRY ELEMENTS (KOHA) | |
| Suppress in OPAC | 0 |
| Withdrawn status | Lost status | Source of classification or shelving scheme | Damaged status | Not for loan | Home library | Current library | Shelving location | Date acquired | Total Checkouts | Full call number | Barcode | Date last seen | Copy number | Price effective from | Koha item type |
|---|---|---|---|---|---|---|---|---|---|---|---|---|---|---|---|
| Dewey Decimal Classification | Virtual | Virtual | Online | 29/09/2010 | EBOOK | 151096-1001 | 06/08/2019 | 1 | 06/08/2019 | Book |